000 00600nam a22002417a 4500
003 UA-OsUOA
001 103599
007 ta
008 20131108b un ||||| |||| 00| 0 ukr d
100 _aЛучак М.
090 _a821.161.2
_bЛ87
942 _cBK
040 _aUA-OsUOA
_bukr
_cUA-OsUOA
_dUA-OsUOA
245 _aДикі коні
300 _a180 с.
955 _a3
041 _aukr
080 _a821.161.2
020 _a978-83-926994-2-2
260 _aПеремишль
_c2012
650 7 _a82 Література. Літературознавство
_2UDC
999 _c389435
_d389435